Abejas y miel / (Record no. 23561)

MARC details
000 -LEADER
campo de control de longitud fija 00581nam a2200193 i 4500
001 - NÚMERO DE CONTROL
campo de control 23561
003 - IDENTIFICADOR DE NÚMERO DE CONTROL
campo de control ES-MaACL
005 - FECHA Y HORA DE LA ÚLTIMA TRANSACCIÓN
campo de control 20230906152909.0
007 - CAMPO FIJO DE DESCRIPCIÓN FÍSICA--INFORMACIÓN GENERAL
campo de control de longitud fija t|
008 - DATOS DE LONGITUD FIJA--INFORMACIÓN GENERAL
campo de control de longitud fija 021211s1958 sp ||||1| spa d
100 1# - ENTRADA PRINCIPAL--NOMBRE DE PERSONA
Nombre de persona Allue Morer, Antonio.
9 (RLIN) 20059
245 10 - MENCIÓN DEL TÍTULO
Título Abejas y miel /
Mención de responsabilidad, etc. por Antonio Allue Morer.
260 ## - PUBLICACIÓN, DISTRIBUCIÓN, ETC.
Lugar de publicación, distribución, etc. Valladolid :
Nombre del editor, distribuidor, etc. [s.n.,
Fecha de publicación, distribución, etc. 1958] (
Fabricante Tall. Gráf. Ceres)
300 ## - DESCRIPCIÓN FÍSICA
Extensión 471 p. :
Otras características físicas il. ;
Dimensiones 16 cm.
490 1# - MENCIÓN DE SERIE
Mención de serie Biblioteca agrícola de Ceves
830 0# - PUNTO DE ACCESO ADICIONAL DE SERIE-TÍTULO UNIFORME
Título uniforme Biblioteca agrícola de Ceves
9 (RLIN) 229044
852 ## - LOCALIZACIÓN
Ubicación ES-MaACL
Número de control de estantería C-16843
Sublocalización o colección R.44526
Holdings
Estatus retirado Estado de pérdida Estado de daño No para préstamo Biblioteca de origen Biblioteca actual Ubicación en estantería Fecha de adquisición Fuente de adquisición Total de préstamos Signatura topográfica completa Código de barras Visto por última vez Precio de reemplazo Tipo de ítem Koha
        Biblioteca del Ateneo de Madrid Biblioteca del Ateneo de Madrid Galería 17/01/2008     C-16843 1024278 23/02/2023 23/02/2023 Libro impreso